Printed circuits handbook / (Record no. 60781)

000 -LEADER
fixed length control field 00952pam a2200277 a 4500
001 - CONTROL NUMBER
control field 1005562
003 - CONTROL NUMBER IDENTIFIER
control field NUST-PNEC
005 - DATE AND TIME OF LATEST TRANSACTION
control field 20170116180707.0
008 - FIXED-LENGTH DATA ELEMENTS--GENERAL INFORMATION
fixed length control field 870708s1988 nyua b 001 0 eng
010 ## - LIBRARY OF CONGRESS CONTROL NUMBER
LC control number 87020985
020 ## - INTERNATIONAL STANDARD BOOK NUMBER
International Standard Book Number 0070126097
040 ## - CATALOGING SOURCE
Transcribing agency PNEC
050 00 - LIBRARY OF CONGRESS CALL NUMBER
Classification number TK7868.P7
Item number P76 1988
082 00 - DEWEY DECIMAL CLASSIFICATION NUMBER
Classification number 621.38174 COO
Edition number 19
100 ## - MAIN ENTRY--PERSONAL NAME
9 (RLIN) 391
Personal name Coombs, Clyde F.
245 00 - TITLE STATEMENT
Title Printed circuits handbook /
Statement of responsibility, etc. Clyde F. Coombs, Jr., editor-in-chief.
250 ## - EDITION STATEMENT
Edition statement 3rd ed.
260 ## - PUBLICATION, DISTRIBUTION, ETC.
Place of publication, distribution, etc. New York :
Name of publisher, distributor, etc. McGraw-Hill,
Date of publication, distribution, etc. c1988.
300 ## - PHYSICAL DESCRIPTION
Extent 1 v. (various pagings) :
Other physical details ill. ;
Dimensions 24 cm.
500 ## - GENERAL NOTE
General note Includes Index http://www.amazon.com/Printed-Circuits-Handbook-Clyde-Coombs/dp/0070126097/ref=sr_1_1?s=books&ie=UTF8&qid=1411808104&sr=1-1&keywords=0070126097
504 ## - BIBLIOGRAPHY, ETC. NOTE
Bibliography, etc. note Includes bibliographies and index.
650 #0 - SUBJECT ADDED ENTRY--TOPICAL TERM
Topical term or geographic name entry element Printed circuits
General subdivision EE
700 1# - ADDED ENTRY--PERSONAL NAME
Personal name Coombs, Clyde F.
906 ## - LOCAL DATA ELEMENT F, LDF (RLIN)
a 7
b cbc
c orignew
d 1
e ocip
f 19
g y-gencatlg
942 ## - ADDED ENTRY ELEMENTS (KOHA)
Source of classification or shelving scheme
Koha item type Book
Holdings
Withdrawn status Lost status Source of classification or shelving scheme Damaged status Not for loan Permanent Location Current Location Shelving location Date acquired Source of acquisition Cost, normal purchase price Total Checkouts Full call number Barcode Date last seen Cost, replacement price Price effective from Koha item type
          Pakistan Navy Engineering College (PNEC) Pakistan Navy Engineering College (PNEC) Reference 07/30/1988 Royal Books Company 1478.82   621.38174 COO PNECLIB-011785 09/27/2014 1478.82 07/30/1988 Book
© 2023 Central Library, National University of Sciences and Technology. All Rights Reserved.